El Cortijo en la tierra de Badajoz / José Maldonado Escribano
ISBN:
978-84-9852-087-3
Publicado:
Badajoz :
Archivo Histórico Provincial de Badajoz : Junta de Extremadura. Consejería de Cultura y Turismo ,
2008
Descripción Física:
178 p. : il. col. ; 24 cm
Materias:
Masos, masies, etc. -- Badajoz
MARC
| LEADER | 00000nam a2200000Ia 4500 | ||
|---|---|---|---|
| 001 | 20034 | ||
| 003 | BGR | ||
| 005 | 20260324180047.0 | ||
| 008 | 160829s2008 xx 000 0 cat d | ||
| 020 | |a 978-84-9852-087-3 | ||
| 080 | |a B-2-149 | ||
| 100 | |a Maldonado Escribano, José |9 42189 | ||
| 245 | |a El Cortijo en la tierra de Badajoz / José Maldonado Escribano | ||
| 260 | |a Badajoz : |b Archivo Histórico Provincial de Badajoz : |b Junta de Extremadura. Consejería de Cultura y Turismo, |c 2008 | ||
| 300 | |a 178 p. : |b il. col. ; |c 24 cm | ||
| 590 | |a Bibliografia | ||
| 650 | |a Masos, masies, etc. |x Badajoz |9 45095 | ||
| 710 | 1 | |a Extremadura. |b Consejería de Cultura y Turismo |9 54128 | |
| 710 | 1 | |a Archivo Histórico Provincial de Badajoz |9 70427 | |
| 901 | |a Arxiu | ||
| 942 | |n 1 |2 udc |c MON | ||
| 952 | |0 0 |1 0 |4 0 |6 B2149 |7 1 |9 52364 |a Arxiu |b Arxiu |d 2016-12-01 |l 0 |o B-2-149 |p 20034 |r 2016-12-01 00:00:00 |w 2016-12-01 |y ARXIU | ||
| 999 | |c 56212 |d 56212 | ||